000 00927nam a2200253 i 4500
001 114978
003 ES-MaACL
005 20230906190311.0
007 t|
008 070214s1931 sp ||||1| spa d
080 _a860-22"19"
100 1 _aBlanco, Leandro.
_929193
245 1 3 _aLa culpa es de Calderón
_b: farsa cómica en tres jornadas. Original /
_cLeandro Blanco y Alfonso Lapena ; dibujos de Antonio Merlo.
260 _aMadrid :
_bRivadeneyra,
_c1931.
300 _a64 p. :
_bil. ;
_c17 cm.
490 1 _aLa Farsa ;
_v214
500 _aCubierta de este número: Hortensia Gelabert y Paco Gallego en una escena de La culpa es de Calderón.
500 _aEstrenada en el Teatro Alkázar, de Madrid, la noche del 2 de octubre de 1931.
700 1 _aLapena, Alfonso.
_970145
700 1 _aMerlo, Antonio.
_980579
830 0 _aLa Farsa ;
_v214
_9185863
852 _aES-MaACL
_jC-13209
999 _c114978
_d114978